Visualizzazione normale
Vista MARC
- CANZONE INGLESE [CASSETTE]
di Topical Term
Records bibliografici associati: 2
001 - CONTROL NUMBER
- control field: 1439
003 - CONTROL NUMBER IDENTIFIER
- control field: IT-RoPau
005 - DATE AND TIME OF LATEST TRANSACTION
- control field: 20131108212050.0
008 - FIXED-LENGTH DATA ELEMENTS
- fixed length control field: 131108|| aca||aabn | a|a d
040 ## - CATALOGING SOURCE
- Original cataloging agency: IT-RoPau
- Transcribing agency: IT-RoPau
150 ## - HEADING--TOPICAL TERM
- Topical term or geographic name entry element: CANZONE INGLESE [CASSETTE]
- : Codice MATERIA SPICS: 9951
670 ## - SOURCE DATA FOUND
- Source citation: Work cat.: (IT-RoPau)100298: Bowie David 1436, Best of Bowie (The)